[Event "Chargers-Pawns"]
[Site "?"]
[Date "2002.11.20"]
[Round "?"]
[White "Thomas, Jerry"]
[Black "Fabijonas, Ray"]
[Result "1/2-1/2"]
[WhiteElo "1536"]
[BlackElo "1681"]
[PlyCount "113"]

1. e4 e5 2. Nf3 Nc6 3. Bb5 Nge7 4. c3 a6 5. Ba4 b5 6. Bc2 d6 7. d4 Bg4 8. d5
Na7 9. h3 Bh5 10. Be3 Nec8 11. Nbd2 Be7 12. Qc1 O-O 13. O-O Nb6 14. Bd1 Bg6 15.
b3 Nd7 16. c4 Nf6 17. Qc2 Nc8 18. Re1 Qd7 19. Rc1 c5 20. dxc6 Qxc6 21. cxb5
Qxb5 22. Bg5 h6 23. Bxf6 Bxf6 24. Be2 Qb7 25. Bc4 Nb6 26. a4 d5 27. Bd3 Rfc8
28. Qb1 d4 29. Bc4 Rab8 30. Bd3 Kh7 31. Rxc8 Nxc8 32. Rc1 Nd6 33. Rc5 Qb4 34.
Rc6 a5 35. Qc2 Rb6 36. Rc5 Nb7 37. Rd5 Nd6 38. Nxe5 Bxe5 39. Rxe5 f6 40. Rc5
Bf7 41. Kf1 (41. e5+) 41... g6 42. f3 h5 43. Rc7 Kh6 44. Rd7 Be6 45. Rc7 Bxb3
46. Nxb3 Qxb3 47. Qxb3 Rxb3 48. Ke2 Rb4 49. Rc6 Nb7 50. Rxf6 Nc5 51. Bb5 Rb2+
52. Kd1 Rxg2 53. e5 Rg1+ 54. Kd2 Rg2+ 55. Kd1 Rg1+ 56. Kd2 Kg7 57. Rd6 1/2-1/2

[Event "Pawns-Chargers"]
[Site "?"]
[Date "2002.11.20"]
[Round "?"]
[White "O'Dell, Dave"]
[Black "Stamm, Vern"]
[Result "1-0"]
[WhiteElo "1475"]
[BlackElo "1496"]
[PlyCount "117"]

{This game was an excellent example of both sides missing opportunities. Then,
an endgame where one side takes chances to win instead of making an easy draw,
and loses because of it (when all along his best play would result in a more
difficult draw).} 1. e4 b6 2. d4 Bb7 3. Nc3 Nf6 4. d5 {Makes a target. 
Compare this start with the Jasaitis-Santiago game in this month's "Games
Annotated by Players" section.} 4... d6 5. Bc4 g6 6. Nf3 Bg7 {Diagram #} 7. Qd3
{probably to take command of a6, I'd prefer Qe2 so the Bishop can stay on the
diagonal} (7. O-O {prepares Re1,e5,Nxe5 pointing at f7} {
but maybe Black just trades with} 7... Ba6) 7... O-O 8. Be3 {
doesn't fit with other moves, indeed, White moves it to f4 soon.} 8... c5 9. h3
Nbd7 10. Bf4 {Diagram #} 10... Ne8 11. Qe3 a6 12. a3 {White appears to want to
maintain e6, but moves Be2 next, so this move is a waste. One plan or the
other, please!} 12... b5 13. Be2 Qb6 14. b4 Rc8 $1 {Diagram #} 15. e5 {
to block the diagonal, but now d5-Pawn is loosened} 15... dxe5 (15... cxb4 $1 {
Diagram # We can already say "Black wins" as White simply has no reply! The
move hits the loose Knight, which, if moved, allows Bxd5 or Rxc2. White's Qxb6
helps hit d5 after Nxb6.} 16. Qxb6 (16. axb4 $2 Qxe3 17. Bxe3 Rxc3) 16... Nxb6
17. Ne4 (17. axb4 Rxc3) 17... Nxd5 {
Diagram # hitting loose Bishop and discovering Rook onto c2-Pawn}) 16. Nxe5
Nxe5 17. Bxe5 Bxe5 18. Qxe5 cxb4 19. axb4 {Diagram # Black has simply traded
away the pieces which caused all the pressure, and left White with a strong
Queen, so...} 19... Qd6 20. Qxd6 Nxd6 21. Ra3 Nc4 22. Bxc4 Rxc4 {Diagram # Now
White has traded, leaving himself with two weak Pawns, so one will drop} 23.
Kd2 Rxb4 24. Rd1 {Diagram # Black has a supported passer, so should trade as
much as possible to exploit it.} 24... Rf4 (24... Rd4+ 25. Ke3 (25. Ke2 Rxd1
26. Kxd1 Rd8) 25... Rxd1 26. Nxd1 Rd8 {Diagram #}) 25. Ke3 Rc4 26. Rb3 Rfc8 27.
Rd3 {Diagram # White is completely tied up, so Black has time to advance King
and support the passer.} 27... b4 28. Na2 a5 29. c3 $1 {
Diagram # and just like that, White has re-gained control!} 29... Ba6 30. cxb4
Rc2 31. Rd2 Rxd2 32. Kxd2 {Diagram # Black should be realistic and aim for a
draw, meaning: get rid of Pawns! At least, don't allow an outside passer.}
32... Bb7 (32... axb4) 33. Nc3 Rd8 34. bxa5 Bxd5 35. Ra3 (35. Nxd5) 35... Bxg2+
36. Ke3 Bxh3 {Diagram #} 37. a6 Bg2 38. f3 h5 39. a7 Ra8 40. Nd5 {Diagram #}
40... h4 {Black apparently believed his passer wins} 41. Nxe7+ ({More simple is
} 41. Nc7 h3 42. Kf2) 41... Kf8 42. Nd5 h3 43. Kf2 g5 44. Ne3 {Diagram #} 44...
Ke8 45. Nxg2 hxg2 46. Kxg2 Ke7 47. Ra6 {Diagram #} 47... Kf8 ({I believe Black
draws by making his own passer. He can sac his passer as long as his King can
make it to a7 ahead of the opposition's King.} 47... f5 48. Kg3 (48. Ra5 g4 49.
f4 $11 (49. Rxf5 gxf3+ 50. Kxf3 Rxa7) (49. fxg4 fxg4 50. Kg3 Kd7 51. Kxg4 {
Diagram #} 51... Kc6 $11) 49... Kf6 50. Ra6+ Kg7 51. Kg3 Kh7 52. Kh4 Kg7 53.
Kg5 g3 54. Kxf5 g2 55. Ra1 Kf8 $1 {Diagram # and Black threatens Rxa7} 56. Ke5
$4 (56. Rg1 Rxa7 {
Diagram # Black will permanently seal off King with Kf7 followed by Ra5+}) (56.
Kf6 Ke8 (56... Rxa7 $4 57. Rxa7 g1=Q 58. Ra8#) 57. Ke6 Kf8 $11) 56... Rxa7 57.
Rxa7 g1=Q) 48... g4 49. f4 {is similar theme as 'A'}) 48. Kg3 Kg7 (48... f5 {
may still draw} 49. Rf6+ Ke7 50. Rxf5 (50. Ra6 g4 {as examined earlier}) 50...
Rxa7 51. Rxg5 Kf6 {Diagram #} 52. f4 Ra1) 49. Kg4 {
Diagram # White plays the best plan; his active King is trouble.} 49... f6 50.
Kf5 Kh6 51. Rxf6+ Kh5 (51... Kg7) 52. Rf7 Kh6 53. Kf6 Rg8 {Diagram #} 54. Ke6
Ra8 55. Kd6 Kg6 56. Rc7 Kf6 57. Kc6 Ke6 58. Kb7 {Diagram #} 58... Kd6 59. Rc8
1-0

[Event "Dragons-Pawns"]
[Site "?"]
[Date "2002.11.20"]
[Round "?"]
[White "Dobr, K."]
[Black "Mikulecky, Bob"]
[Result "0-1"]
[WhiteElo "1454"]
[BlackElo "1470"]
[PlyCount "92"]

1. d4 d5 2. Nc3 e6 3. Nf3 Nf6 4. Bf4 Bb4 5. Qd3 O-O 6. Ne5 Ne4 7. a3 Bxc3+ 8.
bxc3 Nd7 9. c4 Nxe5 10. Bxe5 f6 11. Bf4 c6 12. g3 Qa5+ 13. Bd2 Nxd2 14. Qxd2
Qxd2+ 15. Kxd2 dxc4 16. e4 b5 17. a4 Bb7 18. f3 a6 19. Bh3 e5 20. dxe5 fxe5 21.
Bg2 b4 22. Rhd1 Rad8+ 23. Ke3 a5 24. Bh3 Kf7 25. f4 Kf6 26. Rf1 c5 27. Rad1 Rd4
28. fxe5+ Ke7 29. Rxf8 Kxf8 30. Rf1+ Ke7 31. Bg2 b3 32. Rb1 Ke6 33. cxb3 Rd3+
34. Kf4 Rxb3 35. Rd1 Rd3 36. Rb1 Rb3 37. Rd1 g5+ 38. Kxg5 Kxe5 39. Rd7 c3 40.
Rc7 Kd4 41. e5 Bxg2 42. e6 c2 43. e7 c1=Q+ 44. Kf6 Qh6+ 45. Kf5 Qg6+ 46. Kf4
Rf3# 0-1

[Event "Aces-Getco"]
[Site "?"]
[Date "2002.11.06"]
[Round "?"]
[White "Benesa, Arnulfo"]
[Black "Volynskiy, G."]
[Result "0-1"]
[WhiteElo "2260"]
[BlackElo "2562"]
[PlyCount "88"]

1. Nf3 d5 2. g3 Nf6 3. Bg2 c6 4. O-O Bf5 5. d4 e6 6. c4 Be7 7. Nc3 h6 8. Ne5
Nbd7 9. cxd5 exd5 10. Nxd7 Qxd7 11. Re1 O-O 12. e4 dxe4 13. Nxe4 Nxe4 14. Bxe4
Bxe4 15. Rxe4 Bf6 16. Be3 Qd5 17. Rf4 Bg5 18. Rf3 Be7 19. g4 Rfe8 20. Rf5 Qe4
21. Rf4 Qe6 22. Qb3 Bg5 23. Qxe6 Rxe6 24. Rf3 Bf6 25. Rd1 Rd8 26. d5 Rxd5 27.
Rxd5 cxd5 28. Bxa7 Ra6 29. Ra3 Bxb2 30. Rb3 Rxa7 31. Rxb2 Kf8 32. Rb5 Ke7 33.
Rxd5 Rxa2 34. Rb5 Ra7 35. f4 Kd6 36. h4 Kc6 37. Rb2 Ra4 38. Rf2 b5 39. g5 h5
40. Kg2 b4 41. Kf3 b3 42. Ke3 Rb4 43. Rb2 Kb5 44. f5 Ka4 0-1

[Event "Getco-Aces"]
[Site "?"]
[Date "2002.11.06"]
[Round "?"]
[White "Jasaitis, Tony"]
[Black "Santiago, Teddy"]
[Result "1-0"]
[WhiteElo "2114"]
[BlackElo "2037"]
[PlyCount "95"]

{Notes by Tony Jasaitis} 1. e4 b6 2. d4 Bb7 3. Bd3 e6 4. Nf3 c5 5. c3 Nf6 6.
Nbd2 Be7 7. O-O {Diagram #} 7... h5 $2 {Such moves should not be undertaken
without firm control of the center. Also, now the Black King has no safe haven.
} 8. Re1 d6 9. Qe2 Nbd7 10. a3 {Diagram # With an eye to depriving the
f6-Knight of any good squares when it is kicked around by e4 and c4. Also
invites Black's response which further guarentees his King has no refuge.
Black should reply ...e5 to minimize the opening of lines for White's superior
forces.} 10... a5 11. e5 dxe5 12. dxe5 Nd5 {Diagram #} 13. Ne4 Bc6 14. c4 Nc7 {
Diagram #} 15. Bd2 ({Also fine is} 15. Bf4 {
but I wanted my Queen to have freer access to Black's King.}) 15... a4 16. Rad1
Kf8 17. Neg5 {Diagram # With the idea to eliminate Black's only decent piece
with 18. Be4. Also pressures light squares around the King.} 17... Bxf3 18.
Qxf3 $5 {Diagram # Has White blown a piece (g5-Knight) ?!} 18... Bxg5 19. Bg6
$1 {Diagram #} 19... Nxe5 (19... Bf6 20. Bc3 $1 fxg6 21. exf6 gxf6 {Diagram #}
22. Rxd7 $1) ({First, Black could overload the Queen with} 19... Qe7 {
which simply allows} 20. Bxg5) 20. Rxe5 {mate still threatens} 20... Bf6 {
Diagram #} 21. Rxh5 Rxh5 22. Bxh5 Qe7 {Diagram #} 23. Qc6 $1 Be5 24. Bc3 {
Diagram #} 24... Bxc3 (24... Bxh2+ 25. Kxh2 Qh4+ 26. Kg1 Qxh5 {Diagram #} 27.
Rd7 Rc8 28. Qb7 (28. Rxc7 Qd1+ 29. Kh2 Qh5+ $11)) (24... Qh4 25. Bxe5 Qxh5 26.
Re1 {Diagram # and Black must lose a piece}) 25. bxc3 Rd8 26. Qxb6 Rxd1+ 27.
Bxd1 g5 28. Bxa4 f5 {Diagram # [Ed: White is two Ps up, but they're not
exactly mobile. A little care is yet needed to nurture a full point. ]} 29. h3
Kf7 30. Qc6 Kf6 31. Qd7 Qxd7 32. Bxd7 {Diagram # [Ed: If Black could only
manuvuer Knight to a5 or a7, things would be difficult. But the Bishop can
assure it doesn't get the necessary light square it will cross! ]} 32... Ke7
33. Bb5 Kd6 34. Kf1 e5 35. Ke2 Ne6 36. g3 Ke7 37. Ke3 Kd6 38. a4 {Diagram # [Ed
: White can make passers on both wings. Black's defense is overloaded. ]} 38...
f4+ 39. Kf3 fxg3 40. fxg3 Kc7 41. a5 Kd6 42. Ke4 {
Diagram # [Ed: The final invasion. Black is in zugzwang. ]} 42... Nc7 43. Kf5
Ne6 44. a6 Nc7 45. Kxg5 Ke6 46. h4 Kd6 47. Kf5 Na8 {Diagram #} 48. h5 {
Personal to Tony:  No cash for you! I had to comment the last third.  Or was
all too obvious to you ?!   : +)} 1-0

[Event "Aces-Getco"]
[Site "?"]
[Date "2002.11.06"]
[Round "?"]
[White "Gazmen, Burt"]
[Black "Sagalovsky, L."]
[Result "1-0"]
[WhiteElo "2037"]
[BlackElo "1970"]
[PlyCount "69"]

1. Nf3 d5 2. d4 Nf6 3. g3 Bf5 4. Bg2 c6 5. c4 e6 6. O-O h6 7. Nc3 Nbd7 8. b3
Bb4 9. Bb2 dxc4 10. bxc4 Qa5 11. Qb3 O-O 12. Rfd1 Rfe8 13. Ne5 Bxc3 14. Bxc3
Qb6 15. Nxd7 Nxd7 16. e4 Bg6 17. Qa4 e5 18. c5 (18. Rab1 Qc7) 18... Qc7 19. f3
exd4 20. Bxd4 (20. Qxd4 {idea Qxd7 or Qxg7#} 20... Nf6) 20... b6 21. Rac1 b5
22. Qc2 Ne5 23. Qc3 f6 24. Bh3 Bf7 25. Bxe5 Qxe5 26. Qxe5 Rxe5 27. Rd6 Bxa2 28.
Rxc6 Rd8 29. Ra6 Bc4 30. c6 Rc5 31. Bd7 Ra8 32. Kf2 b4 33. Rxc4 {BLACK RESIGNED
} 33... Rxc4 34. Be6+ Kf8 35. Bxc4 1-0

[Event "Aces-Getco"]
[Site "?"]
[Date "2002.11.06"]
[Round "?"]
[White "Allen, H."]
[Black "Rauchman, M."]
[Result "1-0"]
[WhiteElo "1967"]
[BlackElo "2007"]
[PlyCount "87"]

1. d4 Nf6 2. c4 c5 3. Nf3 cxd4 4. Nxd4 e5 5. Nf3 e4 6. Nd4 d5 7. cxd5 Nxd5 8.
e3 Bc5 9. Bb5+ Bd7 10. Bxd7+ Qxd7 11. O-O O-O 12. Nc3 Nxc3 13. bxc3 Nc6 14. Bd2
Rfe8 15. Rb1 Bb6 16. Qe2 Rac8 17. Rfd1 Ne5 18. Be1 Qe7 19. Nf5 Qg5 20. Nd6 Re6
21. Nxe4 Qh4 22. Rb4 a5 23. Ra4 Qe7 24. Rd5 g6 25. h3 f5 26. Ng3 Nd7 27. Nf1
Nf6 28. Rb5 Ne4 29. Qb2 Rcc6 30. c4 Nc5 31. Ra3 Qd8 32. Bxa5 Nd3 33. Qb1 Bxa5
34. Rxd3 Qc8 35. Rxb7 Bc7 36. Qb3 Be5 37. Rbd7 Bf6 38. Qd1 Re8 39. Nd2 Qa6 40.
Qb3 Rb6 41. Qa3 Qc8 42. c5 Rb8 43. Qc1 Be5 44. Qc4+ 1-0

[Event "Getco-Aces"]
[Site "?"]
[Date "2002.11.06"]
[Round "?"]
[White "Kratka, Milan"]
[Black "Czerniecki, K."]
[Result "0-1"]
[WhiteElo "1674"]
[BlackElo "1908"]
[PlyCount "109"]

1. e4 g6 2. Nf3 Bg7 3. d4 d6 4. Nc3 Nf6 5. h3 O-O 6. b3 c5 7. Bb2 Nbd7 8. Bc4
a6 9. O-O b5 10. Bd5 Rb8 11. e5 Nxd5 12. Nxd5 e6 13. Ne3 d5 14. a4 Qc7 15. c3
bxa4 16. Rxa4 Nb6 17. Ra2 cxd4 18. cxd4 Bd7 19. Qc1 Qb7 20. Nd2 Bb5 21. Re1
Rfc8 22. Qb1 Bf8 23. Rc1 Bb4 24. Nf3 Qe7 25. Nc2 Bd3 26. Ba1 Ba3 27. Bb2 Nc4
28. Bxa3 Nxa3 29. Rxa3 Rxc2 30. Qa1 Rxc1+ 31. Qxc1 Kg7 32. Ne1 Bb5 33. Ra2 Qb4
34. Qe3 Rc8 35. Rc2 Qf8 36. Qc1 Rxc2 37. Qxc2 Qb4 38. Nf3 h6 39. Qb2 a5 40. Nd2
a4 41. f4 Bd3 42. Nf3 Qxb3 43. Qxb3 axb3 44. Nd2 b2 45. h4 b1=Q+ 46. Nxb1 Bxb1
47. g4 h5 48. g5 Kf8 49. Kf2 Ke7 50. Ke3 Kd7 51. Kd2 Kc6 52. Kc3 Kb5 53. Kb2
Bf5 54. Kb3 {
Black's Bishop can't attack Ps, but can waste moves to break the opposition.}
54... Kc6 (54... Be4 $1 55. Kc3 Ka4) 55. Kc3 0-1

[Event "Aces-Getco"]
[Site "?"]
[Date "2002.12.14"]
[Round "?"]
[White "Franek, Marty"]
[Black "Jasaitis, Tony"]
[Result "1/2-1/2"]
[WhiteElo "1740"]
[BlackElo "2114"]
[PlyCount "99"]

1. d4 Nf6 2. c4 e6 3. Nf3 Bb4+ 4. Bd2 a5 5. a3 Bxd2+ 6. Qxd2 Ne4 7. Qc2 f5 8.
Nc3 Nxc3 9. Qxc3 d6 10. e3 Nd7 11. Bd3 Nf6 12. Nd2 O-O 13. f3 Nh5 14. g3 e5 15.
dxe5 dxe5 16. O-O-O b5 17. cxb5 c6 18. Ne4 fxe4 19. Bc4+ Kh8 20. Rxd8 Rxd8 21.
Qxe5 Nf6 22. Qc7 Bh3 23. Rd1 Rdc8 24. b6 Rxc7 25. bxc7 Bd7 26. Be6 Rc8 27. Bxd7
Rxc7 28. Bf5 g6 29. Bxe4 Nxe4 30. fxe4 Kg7 31. Kc2 Kf6 32. Rd4 Ke5 33. Kc3 Rf7
34. Rd8 Kxe4 35. Re8+ Kf3 36. e4 Kg2 37. e5 Kxh2 38. e6 Rf3+ 39. Kd2 Rf2+ 40.
Kd3 Rxb2 41. Rf8 Rb3+ 42. Kd2 Rb2+ {DRAW AGREED} 43. Kd3 Rb7 44. Rf7 Rb8 45.
Rxh7+ (45. e7 Re8 46. Rxh7+ Kxg3) 45... Kxg3 46. Rg7 Kf4 (46... Rb3+ 47. Kd2)
47. Rxg6 Kf5 48. Rh6 Re8 49. e7 Rxe7 50. Rxc6 $11 1/2-1/2

[Event "Citadel-Aces"]
[Site "?"]
[Date "2002.11.20"]
[Round "?"]
[White "Hayhurst, Lyle"]
[Black "Jasaitis, Tony"]
[Result "1/2-1/2"]
[WhiteElo "1887"]
[BlackElo "2114"]
[PlyCount "111"]

1. e4 Nf6 2. e5 Nd5 3. d4 d6 4. Bc4 Nb6 5. Bb3 dxe5 6. Qh5 e6 7. dxe5 a5 8. a4
Nc6 9. Nf3 Bb4+ 10. c3 Qd3 11. Be3 O-O 12. Nbd2 Be7 13. Rc1 Qf5 14. Qxf5 exf5
15. O-O Be6 16. Bxb6 Bxb3 17. Nxb3 cxb6 18. Rcd1 Rfd8 19. Nbd4 g6 20. h4 Rd5
21. Nxc6 bxc6 22. Rxd5 cxd5 23. Rd1 Rd8 24. g3 Kf8 25. Nd4 Ke8 26. Nb5 Rd7 27.
Kf1 Kd8 28. Nd4 Kc7 29. b3 Rd8 30. Rb1 Bc5 31. Nb5+ Kb7 32. b4 axb4 33. cxb4
Bf8 34. Nd4 Rc8 35. Nb5 Rc4 36. Rd1 d4 37. Rxd4 Rxd4 38. Nxd4 Bxb4 39. Ke2 Bc3
40. Kd3 Bb2 41. Kc4 Bxd4 42. Kxd4 Ka6 43. Kc4 Ka5 44. Kb3 b5 45. axb5 Kxb5 46.
Kc3 Kc5 47. Kd3 Kd5 48. f4 h6 49. Ke3 Kc4 50. Ke2 Kd4 51. Kd2 Ke4 52. Ke2 h5
53. Kf2 Kd3 54. Kf3 Kd2 55. Kf2 Kd1 56. Kf1 1/2-1/2

[Event "Getco-Citadel"]
[Site "?"]
[Date "2002.11.20"]
[Round "?"]
[White "Sagalovsky"]
[Black "Senset"]
[Result "1-0"]
[WhiteElo "1970"]
[BlackElo "1724"]
[PlyCount "85"]

1. e4 c5 2. Nf3 e6 3. d4 cxd4 4. Nxd4 a6 5. c4 Bc5 6. Nb3 Ba7 7. Bf4 Nc6 8. Bd6
Qf6 9. Qd2 Nge7 10. Nc3 O-O 11. Bd3 Re8 12. O-O e5 13. c5 b6 14. Nd5 Nxd5 15.
exd5 Nd4 16. Nxd4 exd4 17. b4 Bb8 18. Bxb8 Rxb8 19. Rac1 Bb7 20. d6 Rbc8 21.
Rfe1 Re5 22. Rxe5 Qxe5 23. Re1 Qf6 24. Re7 bxc5 25. bxc5 g6 26. Bc4 Rxc5 27.
Rxf7 Qxf7 28. Bxf7+ Kxf7 29. f3 Rc4 (29... Rd5 30. Qb4 (30. Qe2 {idea of Qe7+}
30... Rxd6 31. Qe5 Rd5 32. Qc7 Bc6 33. Qa7 a5 (33... d3 $1)) 30... Bc6 {
idea of d3, etc and Ke6 due to weak d6}) 30. Qe2 Rc1+ 31. Kf2 Bd5 32. Qe7+ Kg8
33. Qe8+ Kg7 34. Qxd7+ Bf7 35. Qe7 Rc2+ 36. Kg3 d3 37. d7 Re2 38. d8=Q Rxe7 39.
Qxe7 d2 40. Qd7 g5 41. Qxd2 Kg6 42. h4 Kh5 43. Qxg5# 1-0

[Event "?"]
[Site "?"]
[Date "2002.11.19"]
[Round "?"]
[White "Schultz, Ryan"]
[Black "Decman, Steve"]
[Result "1-0"]
[WhiteElo "1255"]
[BlackElo "1570"]
[PlyCount "75"]

{Notes by Ryan Schultz} 1. e4 d6 2. d4 g6 3. Nc3 Nf6 4. f4 Bg7 5. Nf3 O-O {
A Pirc Defense, Austrian Attack} 6. h3 c5 7. Be3 cxd4 8. Nxd4 Nc6 9. Qd2 Bd7
10. Be2 {Diagram # The position has transposed to a Sicilian Dragon, but the
White structure is a little out of sorts from a Yugoslav Attack. And in the f4
lines, White usually plays for e5 instead of h3-expansion.} 10... Rc8 11. g4 $5
{Diagram # At the time, this seemed risky.  And after the next three or four
moves, I honestly felt it was a mistake.  After the match, my opponent agreed.
However, upon further review, it may not be that bad.} 11... Nb4 {With the obvi
ous threat of -Nxe4! unleashing an avalanche of pressure on the Queenside.} 12.
Bf3 ({White has many options:} 12. O-O-O Rxc3 $1 {A familar theme for
Dragoneers. There is no good response after this against the threatened Nxa2+.
Thanks for the Knight !}) (12. a3 $1 Nxe4 13. Nxe4 Bxd4 14. axb4 Bxe3 15. Qxe3
Rxc2 {Diagram # White is up the piece for two pawns, but his queenside is
shattered.  White probably has the advantage, but careful play is needed since
his king is vulnerable.  Unclear.}) (12. O-O {This is really not an option
given White's desire to storm the kingside with his pawns.  Better may be 12.
Kf2!  Or maybe defend d4 by either Bf3 or Bd3, but possibly too conservative. 
 }) 12... Bc6 $2 {Keeping pressure on e4, but inconsistant with Rc8.} (12... e5
) 13. Qg2 {Diagram # Waiting to castle, defending e4 and protecting against
Nxc2+.  Could the queen possibly be over worked?  Here, the simple 13. a3 is
better.} 13... e5 {Finally.  I was waiting for this the last few moves.  My
opponent remarked afterwards that this was the break, and should have been
played sooner.} 14. Nb3 $2 (14. Nxc6) 14... Nd7 {With this move, Blackis
knight plans to jump around to c4 via b6.  But it takes three moves, giving
White ample time to recuperate.  Besides, the tactics are there!} (14... exf4
15. Bxf4 Bxe4 $1 {Diagram # and Black's attack is in full swing.  Black would
be salivating at the possibilities; tactically yummy.  }) 15. f5 $1 {Putting a 
stop to any dragon bishop trickery for good, and preparing the assault on g6. 
White has finally equalized.} 15... Nb6 16. O-O-O Nc4 {Diagram #} 17. Qe2 Nxe3
18. Qxe3 Qh4 19. Kb1 {Diagram # dodging pin after Bh6!} 19... Rfd8 20. a3 Na6
21. Na5 (21. Qxa7 {is possible, but not useful}) 21... b6 22. Nxc6 Rxc6 {
Diagram #} 23. Nd5 $1 Rdc8 24. c3 Bh6 25. Qe1 Qxe1 26. Rhxe1 {Diagram #} 26...
Bf8 {prevents Ne7+ fork} 27. h4 Nb8 $2 (27... Nc7) 28. h5 $2 (28. g5 {
followed by h5}) 28... b5 ({This is a mistake because after} 28... g5 {
White would feel as if the rug was pulled right out from under his feet.}) 29.
hxg6 hxg6 30. fxg6 fxg6 31. g5 {Diagram # A necessary preparatory move that
does two things:  a) gets the light squared bishop back in play  b) gives the
knight on d5 a place to hop to!} 31... Kf7 32. Rh1 Bg7 33. Rdf1 $1 Rf8 34. Bh5+
Kg8 {Diagram # Black RESIGNS (with 5 seconds left on his clock).  Had time
permitted, play would have continued with mate in 4.} 35. Ne7+ Kh8 (35... Kh7
36. Bxg6#) 36. Bxg6+ Bh6 37. Rxh6+ Kg7 38. Rh7# 1-0

[Event "Reader-LBurn"]
[Site "?"]
[Date "2002.12.02"]
[Round "4.1"]
[White "Brock, Bill"]
[Black "Duffy, Jim"]
[Result "1/2-1/2"]
[WhiteElo "2068"]
[BlackElo "1784"]
[PlyCount "126"]
[EventDate "2002.??.??"]

1. d4 d5 2. c4 e6 3. Nc3 Be7 4. Nf3 Nf6 5. Bg5 O-O 6. Rc1 c6 7. e3 Nbd7 8. Bd3
dxc4 9. Bxc4 Nd5 10. Bxe7 Qxe7 11. O-O N7f6 12. a3 Rd8 13. Qe2 Bd7 14. Ne5 Rac8
15. b4 a5 16. Bxd5 exd5 17. Qb2 axb4 18. axb4 Ra8 19. Ra1 Bf5 20. Rxa8 Rxa8 21.
Ra1 Qd8 22. h3 Nd7 23. Nxd7 Bxd7 24. Ra5 b6 25. Ra3 g6 26. Ne2 Qc8 27. Qa1 Rxa3
28. Qxa3 Qc7 29. Nf4 Kg7 30. Nd3 f6 31. Nf4 Bc8 32. b5 g5 33. Nh5+ Kg6 34. g4
c5 35. dxc5 bxc5 36. Qa1 d4 37. exd4 cxd4 38. Qb1+ f5 39. Ng3 Qc5 40. Nxf5 Kf6
41. b6 Bb7 42. Qe1 d3 43. Qe3 Qxe3 44. Nxe3 Bf3 45. Kh2 Ke5 46. Kg3 Bb7 47. Nf1
Kd6 48. Nd2 Kc5 49. f4 gxf4+ 50. Kxf4 Kxb6 51. g5 Kc5 52. Ke5 Bc8 53. h4 Bg4
54. Kf4 Bh5 55. Ne4+ Kd4 56. Nd2 Bg6 57. Nf3+ Kc3 58. Ke3 Kc4 59. Ne5+ Kd5 60.
Nxd3 (60. Nxg6 hxg6 61. Kxd3 Ke5 62. Ke3 Kf5 63. Kf3 Ke5 64. Kg4 Ke6 (64... Ke4
65. h5) 65. Kf4 Kd5 66. h5 gxh5 67. g6 Ke6 68. Kg5 Ke7 (68... h4 69. Kh6 h3 70.
g7 h2 71. g8=Q+) 69. Kh6 Kf8 70. Kh7) 60... Bxd3 61. Kxd3 Ke5 62. Ke3 Kf5 63.
Kf3 h6 1/2-1/2

[Event "Reader-LBurn"]
[Site "?"]
[Date "2002.12.02"]
[Round "4.4"]
[White "Sawin, Ben"]
[Black "Sullivan, Carl"]
[Result "0-1"]
[WhiteElo "1189"]
[BlackElo "1552"]
[PlyCount "72"]
[EventDate "2002.??.??"]

1. e4 e5 2. Nf3 Nc6 3. Bb5 Bc5 4. Bxc6 dxc6 5. O-O Bg4 6. d3 h6 7. h3 Bh5 8.
Nc3 Qe7 9. g4 Bg6 10. h4 Nf6 11. g5 Ng4 12. gxh6 Nxh6 13. Bg5 f6 14. Bd2 Bh5
15. Be3 Bxe3 16. fxe3 Qd7 17. Qd2 Qg4+ 18. Qg2 Qd7 19. Rf2 Ng4 20. Re2 O-O-O
21. Nd2 Rdg8 22. Ree1 g5 23. hxg5 Rxg5 24. Kf1 Nxe3+ 25. Rxe3 Rxg2 26. Kxg2
Rg8+ 27. Rg3 Rxg3+ 28. Kxg3 Qg4+ 29. Kf2 Qf4+ 30. Ke1 Qe3+ 31. Kf1 Qxd2 32. Re1
Qxc2 33. Re3 Qxb2 34. Na4 Qc1+ 35. Kf2 Qd2+ 36. Kg3 Qxe3+ 0-1

[Event "LBurn-Reader"]
[Site "?"]
[Date "2002.12.07"]
[Round "4.3"]
[White "Bannon, Bill"]
[Black "Marsh, Mike"]
[Result "0-1"]
[WhiteElo "1231"]
[BlackElo "1164"]
[PlyCount "46"]
[EventDate "2002.??.??"]

1. e4 c5 2. Nf3 Nc6 3. d4 cxd4 4. Nxd4 d6 5. Be3 Nf6 6. Bc4 d5 7. exd5 Nxd5 8.
Qf3 e6 9. c3 Nxe3 10. Qxe3 Nxd4 11. cxd4 Be7 12. O-O O-O 13. Nc3 Bd7 14. Rac1
Bc6 15. Rfd1 Qc7 16. d5 exd5 17. Bxd5 Bf6 18. Rd3 Bxc3 19. Rdxc3 Rfe8 20. Qf3
Qe7 21. Re3 Bxd5 22. Qxd5 Qb4 23. Rc7 Qe1+ 0-1